|
|
|
|
| LEADER |
01517nam a22003377a 4500 |
| 001 |
34542 |
| 003 |
BD-DhAAL |
| 005 |
20211111103350.0 |
| 008 |
190409t2018 ii a|||| |||| 001 0 eng d |
| 999 |
|
|
|c 40674
|d 40674
|
| 010 |
|
|
|a 2016298101
|
| 020 |
|
|
|a 9781720162032
|
| 035 |
|
|
|a (OCoLC)ocn933521483
|
| 040 |
|
|
|a BTCTA
|b eng
|c BTCTA
|d BDX
|d OCLCQ
|d YDXCP
|d JRZ
|d OCLCO
|d DLC
|d BD-DhAAL
|e rda
|
| 042 |
|
|
|a lccopycat
|
| 050 |
0 |
0 |
|a QA76.73.J38
|b G85983 2016
|
| 082 |
0 |
4 |
|a 005.2762
|2 23
|
| 100 |
|
|
|a Deshmukh, Hanumant
|9 31128
|
| 245 |
|
|
|a OCAJP associate java 8 programmer certification fundamentals 1ZO-808 /
|c Hanumant Deshmukh
|
| 260 |
|
|
|a Dewas, India :
|b Hanumant Deshmukh,
|c c2018
|
| 300 |
|
|
|a xii, 389 pages :
|b illustrations ;
|c 28 cm.
|
| 500 |
|
|
|a Includes index.
|
| 526 |
|
|
|a CSE
|
| 541 |
|
|
|a Karim International
|e 34542, 34543
|
| 650 |
|
0 |
|a Java (Computer program language)
|x Examinations
|v Study guides.
|9 31129
|
| 650 |
|
0 |
|a Electronic data processing personnel
|x Certification.
|9 31130
|
| 650 |
|
0 |
|a Computer science
|9 42514
|
| 852 |
|
|
|a Ayesha Abed Library
|c General Stacks
|
| 942 |
|
|
|2 ddc
|c BK
|
| 952 |
|
|
|0 0
|1 0
|2 ddc
|4 0
|6 005_276200000000000_DES
|7 0
|9 65311
|a BRACUL
|b BRACUL
|c GEN
|d 2019-03-18
|e Karim International
|g 2060.00
|l 1
|m 8
|o 005.2762 DES
|p 3010034543
|r 2019-09-03
|s 2019-07-11
|t 2
|v 2060.00
|w 2019-03-18
|y BK
|
| 952 |
|
|
|0 0
|1 0
|2 ddc
|4 0
|6 005_276200000000000_DES
|7 0
|9 65312
|a BRACUL
|b BRACUL
|c GEN
|d 2019-03-18
|e Karim International
|g 2060.00
|l 1
|m 4
|o 005.2762 DES
|p 3010034542
|r 2019-08-07
|s 2019-06-30
|t 1
|v 2060.00
|w 2019-03-18
|y BK
|